Statystyki dla Lekcje w Klasach 1-3 Szkoły Podstawowej

Kliknij tutaj aby rozwiązać quiz!

Ogólne statystyki

  • Ten quiz został rozwiązany 209 razy
  • Średni wynik to 7 z 11

Statystyki odpowiedzi

Lekcja% Poprawnych
Matematyka
96%
Polski
94%
Angielski
89%
WF
85%
Plastyka
73%
Muzyka
70%
Przyroda
68%
Religia
66%
Informatyka
60%
Etyka
15%
Godzina z Wychowawcą
1%

Rozkład punktacji

Percentyl według liczby udzielonych odpowiedzi

Procent ludzi z każdym wynikiem

Twoja historia wyników

Nie rozwiązałeś tego quizu